Economics and the philosophy of science

Αποθηκεύτηκε σε:
Λεπτομέρειες βιβλιογραφικής εγγραφής
Κύριος συγγραφέας: Redman, Deborah A.
Μορφή: Βιβλίο
Γλώσσα:English
Δημοσίευση: New York, Oxford : Oxford University, 1991
Θέματα:
Ετικέτες: Προσθήκη ετικέτας
Δεν υπάρχουν, Καταχωρήστε ετικέτα πρώτοι!

MARC

LEADER 00000nam a2200000 i 4500
001 1/42444
008 960209s1991 eng d
020 |a 0-19-508274-5 
035 |l 10025592 
040 |a GR-MY-UA  |b gre  |e aacr 
041 0 |a eng 
082 0 |a 330.015 
100 1 |a Redman, Deborah A. 
245 1 0 |a Economics and the philosophy of science /  |c Deborah A.Redman 
260 |a New York, Oxford :   |b Oxford University,   |c 1991 
300 |a 272 p. 
500 |a Includes bibliographical references 
650 0 0 |a Economics  |x Philosophy. 
650 0 0 |a Science  |x Philosophy. 
852 |a INST  |b CHIOS  |e 19960209  |h 330.015 RED  |p 005200002201  |q 005200002201  |t BK  |y 0 
909 |a Χ  |b 031174